Statystyki dla Quiz o Kongo

Kliknij tutaj aby rozwiązać quiz!

Ogólne statystyki

  • Ten quiz został rozwiązany 88 razy
  • Średni wynik to 8 z 14

Statystyki odpowiedzi

WskazówkaOdpowiedź% Poprawnych
Rzeka, nad którą się
znajdują powyższe miasta
Kongo
96%
Grupa etniczna
stanowiąca połowę populacji
Kongo
94%
Oficjalny językfrancuski
89%
StolicaBrazzaville
84%
Linia szerokości geograficznej,
na której leży Kongo
Równik
84%
Zatoka granicząceZatoka {Gwinejska}
69%
Główne miasto na
południe od powyższego
Kinszasa
53%
Rdzenna grupa niskiego wzrostu,
która jest narażona na
skrajną dyskryminację i niewolnictwo
Pigmeje
53%
To 87% eksportu KongoRopa naftowa
44%
Powyższe jest _____ rzeką świataNajgłębszą
37%
Nazwa państwa w powyższych latach{Ludowa Republika}
Konga
36%
Drugie najbardziej zaludnione miastoPointe-Noire
29%
Podstawowa uprawaManiok {jadalny}
24%
To oficjalna ideologia państwa
w latach 1969–1992
(wskazówka: zaczyna się na M)
Marksizm-leninizm
17%

Rozkład punktacji

Percentyl według liczby udzielonych odpowiedzi

Procent ludzi z każdym wynikiem

Twoja historia wyników

Nie rozwiązałeś tego quizu